Przedmioty szkolne 4-8 - Statystyki

Ogólne statystyki
  • Ten quiz został rozwiązany 491 razy
  • Średni wynik to 12 z 15
Statystyki odpowiedzi
Hint Odpowiedź % Poprawnych
4-8 język polski
98%
4-8 matematyka
96%
4-8 język angielski
95%
5-8 biologia
91%
7-8 chemia
91%
7-8 fizyka
90%
4 przyroda
87%
4-8 WF
87%
7-8 język niemiecki
86%
4-8 geografia
83%
4-6 technika
83%
4-7 muzyka
82%
4-8 historia
80%
4-8 informatyka
63%
4-8 godzina wychowawcza
37%
Nie znaleziono quizów pasujących do podanych kryteriów
Rozkład punktacji
Procent ludzi z każdym wynikiem
Percentyl według liczby udzielonych odpowiedzi
Twoja historia wyników
Nie rozwiązałeś tego quizu